000 00556nam a2200169 a 4500
005 20240614063659.0
008 991125s1979 ea 000 0 eng u
035 _aUPN01000005404
049 _aCG
050 4 _aPE1128 A2
_bS5.2 1979
100 1 _aSharpe, Pamela J.
245 1 0 _aBarron's how to prepare for the TOEFL :
_btest of english as a foreign language /
_cby Pamela J. Sharpe.
260 _aNew York :
_bBarron's Educational Series,
_c1979.
300 _a302 p. +
_e6 discos (20 min.)
650 4 _aInglés
_xEstudio y enseñanza
_918
905 _aLibro
999 _c5404
_d5404